| 000 | 00641nam a22002057a 4500 | ||
|---|---|---|---|
| 999 |
_c18672 _d18672 |
||
| 003 | AR-CdUCM | ||
| 008 | 190515b ||||| |||| 00| 0 spa d | ||
| 040 |
_aMUNICIPALIDAD PROVINCIAL DEL CUSCO _cBIBLIOTECA MUNICIPAL DEL CUSCO |
||
| 082 |
_a370.4 / _bB25 |
||
| 100 |
_aBarrantes, Emilio. _93583 |
||
| 245 | _aComunidad, educación y reforma / | ||
| 260 |
_aLima : _bRetablo de papel, _c1971. |
||
| 300 |
_a114 páginas ; _c19 cm. |
||
| 440 |
_aSerie pedagógica. _936797 |
||
| 650 |
_aEducación. _9460 |
||
| 650 |
_aEnsayos, conferencias. _91255 |
||
| 650 |
_aReforma educativa. _94128 |
||
| 942 |
_2ddc _cLIBROS |
||
| 945 |
_arum _d2019-05-15 |
||